000 00730nam a2200253Ia 4500
003 OSt
005 20220926024758.0
006 a|||||r|||| 00| 0
007 ta
008 220923b |||||||| |||| 00| 0 eng d
020 _a0198285825
037 _cGeneral Book
040 _aRTL
_cRTL
_beng
041 _2eng
_aeng
082 _aXjN18L, N0
100 _aScott Maurice
_9285547
245 0 _aPublic policy and economic development
_b Essays in
260 _aOxford
_bClarendon Press
_c1990
300 _axvii;396p
_ccm.
500 _aBibliography chapterwise
700 _a Lal Deepak Ed.
_9321730
942 _hXjN18L, N0
_cGB
_2CC
999 _c645440
_d645440